| 000 | 00694cam a2200205 4500 | ||
|---|---|---|---|
| 001 | WB3702-26 | ||
| 008 | 000000n2001 000 0 eng u | ||
| 035 | _a(Sirsi) u110330 | ||
| 245 | _aBrand new RICS | ||
| 260 | _c2001 | ||
| 490 |
_aRICS Press Release _v(003) 9 January 2001, (2) |
||
| 520 | _aRICS unveils a new corporate identity to reflect the newly-reformed RICS and support the institution's international profile. The new brand features a modernised lion logo, and members will receive precise specifications in March. | ||
| 590 | _aWB | ||
| 650 | _aBRANDING | ||
| 650 | _aCORPORATE IDENTITY | ||
| 650 | _aRICS | ||
| 650 | _aLION LOGO | ||
| 690 | _aRICS NEWS | ||
| 942 | _n0 | ||
| 999 |
_c65797 _d65797 |
||